00315nam a2200121Ia 4500008004100000041000800041082001700049100002000066245002700086250000800113260006400121300000800185231228s2005 xx 000 0 und d aeng a658.049bBEN aBENNETT (Roger) aInternational Business a2nd aNew DelhibPearson Education Delhi, Harlow, Singaporec2005 a402